000 00390nam a22001337a 4500
999 _c19469
_d19469
008 240301b ||||| |||| 00| 0 eng d
020 _a9781472249111
082 _aDFic
_bP281 2017
100 _aPaul, Gill.
_953744
245 _aAnother woman's husband /
_cGill Paul.
260 _aLondon :
_bHeadline Review,
_c©2017.
300 _a456 pages :
_billustrations ;
_c20 cm.
942 _2ddc
_cDFIC